[Event "Bad Woerishofen Seniors op 32nd"]
[Site "Bad Woerishofen"]
[Date "2016.02.26"]
[Round "1"]
[White "Macher, Claus"]
[Black "Floeren, Ernst"]
[Result "1-0"]
[WhiteElo "1999"]
[BlackElo "1737"]
[PlyCount "37"]
[EventDate "2016.02.26"]
[EventType "swiss"]
[EventRounds "9"]
[EventCountry "GER"]
[SourceTitle "EXT 2019"]
[Source "ChessBase"]
[SourceDate "2018.10.10"]
[SourceVersion "1"]
[SourceVersionDate "2018.10.10"]
[SourceQuality "1"]

1. d4 e6 2. c4 b6 3. Nc3 Bb7 4. e4 Bb4 5. Bd3 Nc6 6. Nge2 h6 7. 0-0 Nce7 8. f4 c5 9. d5 Bxc3 10. Nxc3 exd5 11. cxd5 Nf6 12. Bc2 a5 13. a4 0-0 14. Rf3 Ng6 15. Rg3 Kh8 16. e5 Ng8 17. Qh5 N6e7 18. d6 Nc6 19. Qf5 1-0

[Event "Bad Woerishofen op 30th"]
[Site "Bad Woerishofen"]
[Date "2014.03.22"]
[Round "2"]
[White "Floeren, Ernst"]
[Black "Zemlicka, Vit"]
[Result "0-1"]
[WhiteElo "1748"]
[BlackElo "1962"]
[PlyCount "40"]
[EventDate "2014.03.21"]
[EventType "swiss"]
[EventRounds "9"]
[EventCountry "GER"]
[SourceTitle "CBM 159 Extra"]
[Source "ChessBase"]
[SourceDate "2014.04.24"]
[SourceVersion "1"]
[SourceVersionDate "2014.04.24"]
[SourceQuality "1"]

1. e4 e5 2. Bc4 Nf6 3. d3 Nc6 4. Nf3 Be7 5. c3 0-0 6. Be3 d5 7. exd5 Nxd5 8. 0-0 Bg4 9. Nbd2 Kh8 10. h3 Bh5 11. Ne4 f5 12. Nc5 Nxe3 13. fxe3 Bxc5 14. Qe1 Bxf3 15. Rxf3 e4 16. dxe4 fxe4 17. Rg3 Ne5 18. Rd1 Qe7 19. Bb5 c6 20. Ba4 Nd3 0-1

[Event "Bad Woerishofen Seniors op 28th"]
[Site "Bad Woerishofen"]
[Date "2012.03.08"]
[Round "7.57"]
[White "Floeren, Ernst"]
[Black "Rother, Alwin"]
[Result "1-0"]
[WhiteElo "1564"]
[BlackElo "1312"]
[PlyCount "75"]
[EventDate "2012.03.02"]
[EventType "swiss"]
[EventRounds "9"]
[EventCountry "GER"]
[SourceTitle "EXT 2022"]
[Source "ChessBase"]
[SourceDate "2021.10.06"]
[SourceVersion "1"]
[SourceVersionDate "2021.10.06"]
[SourceQuality "1"]

1. e4 c5 2. Nf3 d6 3. h3 a6 4. c3 Nf6 5. d3 e6 6. Be3 Be7 7. Nbd2 Nc6 8. a3 h6 9. b4 b6 10. d4 cxd4 11. cxd4 d5 12. e5 Nh7 13. h4 Bd7 14. Bd3 f6 15. Bg6+ Kf8 16. Qc2 f5 17. g3 Rc8 18. Qd3 Be8 19. Bxe8 Kxe8 20. Qxa6 g5 21. hxg5 Nxg5 22. Qe2 Kd7 23. Qb5 Nxf3+ 24. Nxf3 Ke8 25. Rxh6 Kf7 26. Rc1 Na7 27. Qa4 Rxc1+ 28. Bxc1 Nc8 29. Qc6 Rxh6 30. Bxh6 Na7 31. Qa4 Qc7 32. Kd2 b5 33. Qc2 Qd8 34. Ke2 Qb6 35. Bg5 Nc8 36. Bxe7 Kxe7 37. Ng5 Na7 38. Qc5+ 1-0

[Event "Bad Woerishofen Seniors op 28th"]
[Site "Bad Woerishofen"]
[Date "2012.03.05"]
[Round "4.58"]
[White "Ludwig, Egbert"]
[Black "Floeren, Ernst"]
[Result "0-1"]
[WhiteElo "1183"]
[BlackElo "1564"]
[PlyCount "58"]
[EventDate "2012.03.02"]
[EventType "swiss"]
[EventRounds "9"]
[EventCountry "GER"]
[SourceTitle "EXT 2022"]
[Source "ChessBase"]
[SourceDate "2021.10.06"]
[SourceVersion "1"]
[SourceVersionDate "2021.10.06"]
[SourceQuality "1"]

1. d4 e6 2. Nf3 c5 3. g3 cxd4 4. Nxd4 Bc5 5. Nf3 Nf6 6. Bg2 Nc6 7. 0-0 a6 8. b3 d6 9. Ba3 0-0 10. Bxc5 dxc5 11. Nc3 Rb8 12. Qxd8 Rxd8 13. Rad1 b5 14. Rxd8+ Nxd8 15. Rd1 Bb7 16. Ne5 Bxg2 17. Kxg2 Kf8 18. f3 Ke7 19. Kf2 Rb7 20. Ke3 Nd7 21. Nxd7 Rxd7 22. Rxd7+ Kxd7 23. a4 b4 24. Ne4 Kc6 25. Kd3 f5 26. Nd2 Kd5 27. e4+ Kc6 28. Kc4 Nf7 29. exf5 Ne5# 0-1

[Event "Bad Woerishofen Seniors op 28th"]
[Site "Bad Woerishofen"]
[Date "2012.03.03"]
[Round "2.33"]
[White "Schurig, Wilhelm"]
[Black "Floeren, Ernst"]
[Result "1-0"]
[WhiteElo "1887"]
[BlackElo "1564"]
[PlyCount "61"]
[EventDate "2012.03.02"]
[EventType "swiss"]
[EventRounds "9"]
[EventCountry "GER"]
[SourceTitle "EXT 2022"]
[Source "ChessBase"]
[SourceDate "2021.10.06"]
[SourceVersion "1"]
[SourceVersionDate "2021.10.06"]
[SourceQuality "1"]

1. Nf3 c5 2. g3 Nc6 3. Bg2 e6 4. c4 Nf6 5. 0-0 d5 6. Na3 a6 7. b3 d4 8. d3 Bd6 9. Nc2 Rb8 10. a3 a5 11. e3 e5 12. exd4 exd4 13. Re1+ Be6 14. Ng5 Qd7 15. Bh3 Be5 16. Nxe6 fxe6 17. f4 Bc7 18. Bxe6 Qd6 19. f5 h6 20. Bf4 Qd8 21. Qf3 Ne7 22. Re2 Bxf4 23. Qxf4 b5 24. cxb5 Nfd5 25. Bxd5 Qxd5 26. f6 gxf6 27. Qxf6 Rh7 28. Re5 Qxb3 29. Rae1 Rb7 30. Rxc5 Kd7 31. Rxe7+ 1-0

[Event "Bad Woerishofen Seniors op 28th"]
[Site "Bad Woerishofen"]
[Date "2012.03.02"]
[Round "1.44"]
[White "Floeren, Ernst"]
[Black "Engbrecht, Helmut"]
[Result "1/2-1/2"]
[WhiteElo "1564"]
[BlackElo "1886"]
[PlyCount "99"]
[EventDate "2012.03.02"]
[EventType "swiss"]
[EventRounds "9"]
[EventCountry "GER"]
[SourceTitle "EXT 2022"]
[Source "ChessBase"]
[SourceDate "2021.10.06"]
[SourceVersion "1"]
[SourceVersionDate "2021.10.06"]
[SourceQuality "1"]

1. e4 e5 2. Bc4 Nf6 3. d3 Nc6 4. c3 Be7 5. b4 a6 6. Nf3 d5 7. exd5 Nxd5 8. h3 b5 9. Bb3 Bf5 10. a4 Nb6 11. axb5 axb5 12. Rxa8 Qxa8 13. 0-0 0-0 14. Be3 Rd8 15. d4 Bf6 16. Qe2 exd4 17. Bxd4 Nxd4 18. cxd4 c6 19. Rd1 Bxb1 20. Rxb1 Nd5 21. Qe1 Re8 22. Ne5 Bxe5 23. dxe5 f6 24. Ra1 Qc8 25. f4 fxe5 26. fxe5 Qf5 27. Qc3 Qxe5 28. Rc1 Qxc3 29. Rxc3 Re1+ 30. Kf2 Rb1 31. Rd3 Kf8 32. Bxd5 cxd5 33. Rxd5 Rxb4 34. Re5 Kf7 35. g4 Rb3 36. Kg2 Kf6 37. Rc5 b4 38. Rb5 Rb1 39. Kg3 b3 40. Kh4 b2 41. g5+ Ke6 42. Kh5 Kd6 43. h4 Kc6 44. Rb8 Kc5 45. Rb7 g6+ 46. Kh6 Rh1 47. Rxb2 Rxh4+ 48. Kg7 Kd5 49. Re2 Rh5 50. Kf6 1/2-1/2

[Event "Bayern-ch Seniors 22nd"]
[Site "Bergen"]
[Date "2010.06.16"]
[Round "5"]
[White "Urytskyy, Arkadiy"]
[Black "Floeren, Ernst"]
[Result "1-0"]
[WhiteElo "2064"]
[BlackElo "1578"]
[PlyCount "45"]
[EventDate "2010.06.12"]
[EventType "swiss"]
[EventRounds "9"]
[EventCountry "GER"]
[SourceTitle "EXT 2011"]
[Source "ChessBase"]
[SourceDate "2010.11.26"]
[SourceVersion "1"]
[SourceVersionDate "2010.11.26"]
[SourceQuality "1"]

1. Nf3 c5 2. c4 e6 3. Nc3 Nf6 4. g3 b6 5. Bg2 Bb7 6. 0-0 d6 7. b3 Nbd7 8. Bb2 Be7 9. d4 a6 10. Qd2 0-0 11. Rad1 Rb8 12. d5 e5 13. Nh4 Re8 14. Nf5 Nf8 15. Bc1 Bc8 16. e4 b5 17. Ne3 b4 18. Na4 Bd7 19. Nxc5 dxc5 20. d6 Nxe4 21. dxe7 Nxd2 22. exd8Q Nxf1 23. Qc7 1-0